|
|
|
|
| LEADER |
00000nam#a22000001ab4500 |
| 001 |
00028409 |
| 003 |
AR-BaUAD |
| 005 |
20230908142047.0 |
| 008 |
010529s1998####ag#||||##||||||||#||spa|d |
| 020 |
|
|
|a 9502307828
|
| 040 |
|
|
|a AR-BaUAD
|b spa
|c AR-BaUAD
|
| 041 |
|
|
|a spa
|
| 044 |
|
|
|c ar
|2 ISO3166-1
|
| 100 |
1 |
|
|a Comparato, Doc
|
| 245 |
1 |
3 |
|a El guión :
|b arte y técnica de la escritura para cine y televisión /
|c Doc Comparato ; prólogo por Carlos Trilnick ; colaboración, adaptación y traducción Sabrina Farji
|
| 250 |
|
|
|a ed. actualizada con ejercicios prácticos
|
| 260 |
|
|
|a Buenos Aires :
|b Eudeba ; Centro Cultural Ricardo Rojas, Dirección de Cultura, Secretaría de Extensión Universitaria y Bienestar Estudiantil, Universidad de Buenos Aires,
|c 1998
|
| 300 |
|
|
|a 332 p. :
|b cuadros, gráf.
|
| 490 |
|
|
|a Libros del Rojas
|
| 500 |
|
|
|a Prólogo: p. 11-13.
|
| 500 |
|
|
|a Apéndice: p. 299-309.
|
| 500 |
|
|
|a Epílogo: p. 311-322.
|
| 500 |
|
|
|a Glosario: p. 323-326.
|
| 504 |
|
|
|a Bibliografía: 327-328.
|
| 500 |
|
|
|a Direcciones útiles: p. 329-332.
|
| 653 |
|
|
|a GUION
|
| 653 |
|
|
|a GUIONES
|
| 653 |
|
|
|a TELEVISION
|
| 653 |
|
|
|a CINE
|
| 653 |
|
|
|a TEORIA
|
| 655 |
|
|
|a TEXTO
|
| 852 |
|
|
|c 133-4
|
| 952 |
|
|
|0 0
|1 0
|4 0
|6 1334
|7 0
|9 36452
|a AR-BaUAD
|b AR-BaUAD
|d 0000-00-00
|e donac. Eudeba
|g 24.00
|i 28409
|l 0
|o 133-4
|p 19xko28409
|r 2023-09-08 14:20:47
|w 2023-09-08
|y BK
|
| 952 |
|
|
|0 0
|1 0
|4 0
|7 0
|9 36453
|a AR-BaUAD
|b AR-BaUAD
|d 2023-09-08
|i 28410
|l 0
|p dfrzm28410
|r 2023-09-08 14:20:47
|w 2023-09-08
|y BK
|
| 990 |
|
|
|a Ej. No1 : 28409 . 9/4/2001 -- donac. Eudeba -- (24 pesos).
|b ADM
|
| 990 |
|
|
|a Ej. No2 : 28410 .
|b ADM
|
| 990 |
|
|
|a C199
|b TD
|
| 990 |
|
|
|a AAQ00028409
|b CC
|
| 998 |
|
|
|a AAQ
|b Bibun 76
|
| 942 |
|
|
|c BK
|
| 999 |
|
|
|c 18099
|d 18099
|